000 00985nac a22002897a 4500
001 BR5200066
003 BR-BrBNA
005 20240105112902.0
008 230509b bl.|||m| |||| 00| 0 por d
040 _aBR-BrBNA
_bpor
_cBiblioteca Nacional de Agricultura
072 _aL00
090 _a5000 BR5200066
100 1 _aBriquet Junior, R.
110 1 _aServico de Informacao Agricola, Rio de Janeiro, GB (Brasil)
245 1 _aPequeno dicionario ingles - portugues de termos empregados em anatomia, e zoognosia, fisiologia, zootecnia e tecnologia dos produtos animais
250 1 _a2 ed.
260 3 _aRio de Janeiro, GB (Brasil):
_c1952.
300 _a166 p.
490 _aSerie Didatica - Servico de Informacao Agricola (Brazil)
_vno. 10
_x
650 _aProducao animal
650 _aAnimal domestico
650 _aAnatomia animal
650 _aFisiologia animal
650 _aZootecnia
909 _a202312
_bLúcia Elande
_c55
_dLúcia Elande
942 _2AGRIS
_n0
_cMS
999 _c260766
_d260766